Sheds supplement (Record no. 118116)
[ view plain ]
| 000 -LEADER | |
|---|---|
| fixed length control field | 01807cam a2200313 4500 |
| 001 - CONTROL NUMBER | |
| control field | ABS68310 |
| 008 - FIXED-LENGTH DATA ELEMENTS--GENERAL INFORMATION | |
| fixed length control field | 041004n2004 000 0 eng u |
| 035 ## - SYSTEM CONTROL NUMBER | |
| System control number | (Sirsi) u127618 |
| 100 ## - MAIN ENTRY--PERSONAL NAME | |
| Personal name | Barrett, C. |
| 245 ## - TITLE STATEMENT | |
| Title | Sheds supplement |
| 260 ## - PUBLICATION, DISTRIBUTION, ETC. | |
| Date of publication, distribution, etc. | 2004 |
| 490 ## - SERIES STATEMENT | |
| Series statement | Property Week |
| Volume/sequential designation | 24 September 2004 (100) (LOAN) |
| 520 ## - SUMMARY, ETC. | |
| Summary, etc. | "Where it all started..." sets out the history of the young developers who started Kingspark, a company which still has a big influence over the distribution market. "Metal fatigue" reports how shed developers are having to reassess their construction methods due to rising steel costs. "Brixton's estate" reports on Brixton's plans to transform its most recent purchase, Trafford Park into its northern HQ. "Super size me" highlights how developers are having to be inventive to keep up with occupiers' demands for bigger distribution space in untested locations. "Rental health" assesses the findings of research from Colliers CRE which shows that northern England is the UK's hottest location for big sheds. "An open market" reports how the predicted boom in self-storage has yet to materialise, but newcomers to the UK market feel the time has come. "Factory fallout" reports how regional development agencies continue to support manufacturing, despite the closure of grant-funded schemes. Developers argue that distribution creates just as many jobs. |
| 590 ## - LOCAL NOTE (RLIN) | |
| Local note | ABS |
| 590 ## - LOCAL NOTE (RLIN) | |
| Local note | ABS |
| 650 ## - SUBJECT ADDED ENTRY--TOPICAL TERM | |
| Topical term or geographic name entry element | BIG SHEDS |
| 650 ## - SUBJECT ADDED ENTRY--TOPICAL TERM | |
| Topical term or geographic name entry element | DISTRIBUTION MARKET |
| 650 ## - SUBJECT ADDED ENTRY--TOPICAL TERM | |
| Topical term or geographic name entry element | INDUSTRIAL MARKET |
| 650 ## - SUBJECT ADDED ENTRY--TOPICAL TERM | |
| Topical term or geographic name entry element | NORTHERN ENGLAND |
| 650 ## - SUBJECT ADDED ENTRY--TOPICAL TERM | |
| Topical term or geographic name entry element | DEVELOPERS |
| 650 ## - SUBJECT ADDED ENTRY--TOPICAL TERM | |
| Topical term or geographic name entry element | ASSET MANAGEMENT |
| 650 ## - SUBJECT ADDED ENTRY--TOPICAL TERM | |
| Topical term or geographic name entry element | STEEL |
| 650 ## - SUBJECT ADDED ENTRY--TOPICAL TERM | |
| Topical term or geographic name entry element | SELF-STORAGE |
| 690 ## - LOCAL SUBJECT ADDED ENTRY--TOPICAL TERM (OCLC, RLIN) | |
| Topical term or geographic name as entry element | COMMERCIAL PROPERTY-MARKET |
| 700 ## - ADDED ENTRY--PERSONAL NAME | |
| Personal name | Watson, S. |
| 700 ## - ADDED ENTRY--PERSONAL NAME | |
| Personal name | Mackenzie, P. |
| 700 ## - ADDED ENTRY--PERSONAL NAME | |
| Personal name | Whitmore, J. |
| 942 ## - ADDED ENTRY ELEMENTS (KOHA) | |
| Suppress in OPAC | 0 |
| Withdrawn status | Lost status | Source of classification or shelving scheme | Damaged status | Not for loan | Home library | Current library | Shelving location | Date acquired | Total Checkouts | Full call number | Barcode | Date last seen | Copy number | Price effective from | Koha item type |
|---|---|---|---|---|---|---|---|---|---|---|---|---|---|---|---|
| Dewey Decimal Classification | London | London | Journal article | 04/10/2004 | ABS68310 | 127618-1001 | 06/08/2019 | 1 | 06/08/2019 | Journal article |